| 000 | 00712nam a2200217 i 4500 | ||
|---|---|---|---|
| 001 | 146918 | ||
| 003 | ES-MaACL | ||
| 007 | t| | ||
| 008 | 070919s1975 sp ||||1| spa d | ||
| 080 | _a947"1917/21" | ||
| 100 | 1 |
_aTrotsky, Leon, _d1879-1940 _9240350 |
|
| 245 | 1 | 0 |
_aCómo hicimos la revolución de octubre / _cLeon Trotsky ; [versión de Guillermo Gayá Nicolau]. |
| 260 |
_aBarcelona : _bGrijalbo, _c[1975] |
||
| 300 |
_a156 p. ; _c18 cm. |
||
| 490 | 1 |
_aColección 70 ; _v25 |
|
| 651 | 4 |
_aRusia- _xHistoria- _y1917-1921, Revolución. _99336 |
|
| 700 | 1 |
_aGayá, Guillermo. _956123 |
|
| 830 | 0 |
_aColección 70 ; _v25 _9182684 |
|
| 852 |
_aES-MaACL _jE-8478 _bR.92686 |
||
| 999 |
_c146918 _d146918 |
||